000 00968nam a2200277Ia 4500
001 Para_10338
003 CHAP
008 220125sOctu xx 000 0 und d
010 _a208994
040 _cCHAP
090 _aPA CD - TESIS 368
100 _ade la Cruz Méndez, Diana Karina
_9175276
245 _aCobertura de aspersión proporcionada por la boquilla TT-11004 en suelos cubiertos con diferentes cantidades de paja de trigo /
_c Diana Karina de la Cruz Méndez;
260 _aChapingo, Méx. :
_b el autor
300 _a1 CDS ROM ( p.)
502 _aTesis (Ing. Agr. Esp. en Parasitología Agrícola). UACh. Departamento Parasitología Agrícola
700 _a(no abre el disco)
_9175277
710 _aUACh Departamento Parasitología Agrícola
901 _aPA CD - TESIS 368
902 _aM
905 _a513220Octubre, 2014 8100000000 06
910 _aOctu
942 _cPARA
942 _cPARA
_d2
999 _c208994
_d208994